[Event "Kvika Reykjavik Open 2022"]
[Site "Reykjavik, Iceland"]
[Date "2022.04.08"]
[Round "4.54"]
[White "Decosse, Jean-Fabien"]
[Black "Rachlin, Paul"]
[Result "1-0"]
[WhiteElo "2160"]
[BlackElo "1820"]
[PlyCount "71"]
[EventDate "2022.??.??"]

1. d4 {[%eval 3,0]} d5 {[%eval 35,0]} 2. c4 {[%eval 36,0]} c6 {[%eval 28,0]} 3.
Nf3 {[%eval 38,0]} Nf6 {[%eval 38,0]} 4. e3 {[%eval 24,0]} e6 {[%eval 42,0]} 5.
Nc3 {[%eval 1,0]} Nbd7 {[%eval 23,0]} 6. b3 {[%eval 0,0]} Bd6 {[%eval 0,0]} 7.
Bd3 {[%eval 22,0]} Qe7 {[%eval 23,0]} 8. Bb2 {[%eval 3,0]} b6 $6 {[%eval 86,0]
Inaccuracy. O-O was best.} (8... O-O 9. Qc2) 9. e4 {[%eval 77,0]} dxe4 {
[%eval 53,0]} 10. Nxe4 {[%eval 55,0]} Nxe4 {[%eval 62,0]} 11. Bxe4 {[%eval 55,
0]} Bb4+ $6 {[%eval 103,0] Inaccuracy. Bb7 was best.} (11... Bb7 12. O-O) 12.
Nd2 {[%eval 128,0]} Bb7 {[%eval 144,0]} 13. O-O {[%eval 104,0]} O-O {[%eval
115,0]} 14. a3 {[%eval 115,0]} Bd6 {[%eval 116,0]} 15. b4 {[%eval 82,0]} Nf6 {
[%eval 82,0]} 16. Bf3 {[%eval 67,0]} Qc7 $6 {[%eval 102,0] Inaccuracy. a5 was
best.} (16... a5 17. c5 Bc7 18. cxb6 Bxb6 19. Nc4 Bc7 20. bxa5 Ba6 21. Qc2 Rfb8
22. Rfb1 Bxc4 23. Qxc4) 17. g3 {[%eval 118,0]} Rad8 {[%eval 114,0]} 18. Qe2 {
[%eval 141,0]} Rfe8 {[%eval 151,0]} 19. c5 {[%eval 102,0]} Bf8 {[%eval 119,0]}
20. Rfd1 {[%eval 96,0]} b5 {[%eval 143,0]} 21. Nb3 {[%eval 142,0]} Nd5 {
[%eval 105,0]} 22. Na5 {[%eval 139,0]} Bc8 {[%eval 121,0]} 23. Rd3 {[%eval 127,
0]} f5 $6 {[%eval 202,0] Inaccuracy. g6 was best.} (23... g6) 24. Re1 $6 {
[%eval 122,0] Inaccuracy. Bc1 was best.} (24. Bc1 h6) 24... g6 $2 {[%eval 279,
0] Mistake. Be7 was best.} (24... Be7) 25. Bc1 {[%eval 191,0]} Bg7 $6 {[%eval
319,0] Inaccuracy. h6 was best.} (25... h6 26. h4) 26. Bg5 {[%eval 319,0]} Rd7
{[%eval 303,0]} 27. Qd2 {[%eval 341,0]} Kf7 {[%eval 335,0]} 28. Rd1 {[%eval
301,0]} Bb7 {[%eval 336,0]} 29. Bf4 $4 {[%eval 49,0] Blunder. h4 was best.} (
29. h4 h5) 29... e5 $4 {[%eval 691,0] Blunder. Nxf4 was best.} (29... Nxf4 30.
Qxf4 Qxf4 31. gxf4 Rc8 32. Nxb7 Rxb7 33. d5 exd5 34. Rxd5 Rbc7 35. Rd7+ Kf8 36.
R7d6) 30. dxe5 {[%eval 696,0]} Bxe5 {[%eval 616,0]} 31. Bxd5+ {[%eval 722,0]}
cxd5 {[%eval 705,0]} 32. Bxe5 {[%eval 738,0]} Rxe5 {[%eval 754,0]} 33. c6 {
[%eval 776,0]} Bxc6 {[%eval 727,0]} 34. Rc3 {[%eval 738,0]} Rd6 {[%eval 759,0]}
35. Rdc1 {[%eval 703,0]} Ree6 {[%eval 707,0]} 36. Nxc6 {[%eval 755,0]} 1-0

[Event "Kvika Reykjavik Open 2022"]
[Site "Reykjavik, Iceland"]
[Date "2022.04.08"]
[Round "4.55"]
[White "Marie, Maxime"]
[Black "Skahlberg Bjerknes-Lima De Fa, Warg"]
[Result "1-0"]
[WhiteElo "2150"]
[BlackElo "1813"]
[PlyCount "73"]
[EventDate "2022.??.??"]

1. c4 {[%eval 23,0]} c5 {[%eval 3,0]} 2. g3 {[%eval 0,0]} Nc6 {[%eval 13,0]} 3.
Bg2 {[%eval 25,0]} g6 {[%eval 17,0]} 4. Nf3 {[%eval 8,0]} Bg7 {[%eval 12,0]} 5.
O-O {[%eval 1,0]} e5 {[%eval 23,0]} 6. Nc3 {[%eval 34,0]} d6 {[%eval 0,0]} 7.
Ne1 {[%eval 11,0]} Be6 {[%eval 8,0]} 8. d3 {[%eval 22,0]} Nge7 {[%eval 15,0]}
9. Nd5 {[%eval 16,0]} O-O {[%eval 7,0]} 10. f4 $6 {[%eval 77,0] Inaccuracy.
Nc2 was best.} (10. Nc2 Rb8 11. Bg5 h6 12. Bxe7 Nxe7 13. Nce3 b5 14. Nxe7+ Qxe7
15. Rb1 bxc4 16. dxc4 f5) 10... f5 {[%eval 27,0]} 11. a3 $6 {[%eval 88,0]
Inaccuracy. Rb1 was best.} (11. Rb1 Rb8) 11... Bxd5 $4 {[%eval 121,0] Blunder.
Rb8 was best.} (11... Rb8) 12. cxd5 {[%eval 125,0]} Nd4 {[%eval 137,0]} 13. e3
{[%eval 108,0]} Nb5 {[%eval 131,0]} 14. a4 {[%eval 94,0]} Nc7 {[%eval 83,0]}
15. e4 {[%eval 109,0]} Qd7 {[%eval 153,0]} 16. Nf3 {[%eval 142,0]} h6 $6 {
[%eval 253,0] Inaccuracy. exf4 was best.} (16... exf4 17. Bxf4 b5 18. axb5 Bxb2
19. Bh6 Rfb8 20. g4 fxe4 21. dxe4 Qxg4 22. Rb1 Bg7 23. Bxg7) 17. Qc2 $2 {
[%eval 85,0] Mistake. fxe5 was best.} (17. fxe5) 17... Kh7 $4 {[%eval 363,0]
Blunder. exf4 was best.} (17... exf4 18. gxf4 Na6 19. Bd2 Nb4 20. Qb3 a5 21.
Bxb4 cxb4 22. e5 b5 23. Kh1 bxa4 24. Rxa4) 18. fxe5 {[%eval 359,0]} dxe5 {
[%eval 306,0]} 19. Qxc5 {[%eval 377,0]} Ne8 {[%eval 307,0]} 20. Bh3 {[%eval
299,0]} Nd6 {[%eval 309,0]} 21. Qe3 $2 {[%eval 136,0] Mistake. Bd2 was best.} (
21. Bd2 g5) 21... Qc8 $2 {[%eval 295,0] Mistake. g5 was best.} (21... g5 22.
exf5) 22. Qe2 {[%eval 277,0]} g5 $2 {[%eval 537,0] Mistake. Qc7 was best.} (
22... Qc7 23. Bd2) 23. Bxg5 {[%eval 514,0]} hxg5 {[%eval 516,0]} 24. Rac1 $6 {
[%eval 341,0] Inaccuracy. Nxg5+ was best.} (24. Nxg5+ Kh6 25. Ne6 Bf6 26. g4
Nf7 27. gxf5 Ng5 28. Qe3 Rg8 29. Kh1 Kh7 30. d6 Nc6) 24... Qe8 {[%eval 334,0]}
25. Nxg5+ {[%eval 292,0]} Kg8 {[%eval 305,0]} 26. Ne6 {[%eval 349,0]} Rf6 {
[%eval 413,0]} 27. Nc7 {[%eval 422,0]} Qf8 {[%eval 473,0]} (27... Rf8) 28. Nxa8
{[%eval 396,0]} Qxa8 {[%eval 434,0]} 29. exf5 {[%eval 391,0]} Nexf5 $6 {
[%eval 534,0] Inaccuracy. Nxd5 was best.} (29... Nxd5) 30. Bxf5 {[%eval 409,0]}
Nxf5 $6 {[%eval 681,0] Inaccuracy. Rxf5 was best.} (30... Rxf5) 31. Qxe5 {
[%eval 686,0]} Qf8 {[%eval 746,0]} 32. d6 {[%eval 584,0]} Rf7 {[%eval 602,0]}
33. Qe6 {[%eval 600,0]} Bd4+ {[%eval 602,0]} 34. Kh1 {[%eval 500,0]} Kg7 $6 {
[%eval 843,0] Inaccuracy. Qxd6 was best.} (34... Qxd6 35. Rc8+ Kg7 36. Qxd6
Nxd6 37. Rxf7+ Kxf7 38. Ra8 Bxb2 39. Rxa7 Bc3 40. Kg2 Ke6 41. Ra8) 35. Rf4 Be3
36. Rc8 Qxd6 37. Rg4+ 1-0

[Event "Kvika Reykjavik Open 2022"]
[Site "Reykjavik, Iceland"]
[Date "2022.04.08"]
[Round "4.56"]
[White "Moller, Tomas"]
[Black "Johannsson, Birkir Isak"]
[Result "0-1"]
[WhiteElo "1340"]
[BlackElo "2117"]
[PlyCount "78"]
[EventDate "2022.??.??"]

1. c4 {[%eval 23,0]} e6 {[%eval 3,0]} 2. e4 {[%eval 0,0]} d5 {[%eval 9,0]} 3.
cxd5 {[%eval 17,0]} exd5 {[%eval 22,0]} 4. exd5 {[%eval 24,0]} Nf6 {[%eval 13,
0]} 5. Nc3 {[%eval 28,0]} Nxd5 {[%eval 12,0]} 6. Nf3 {[%eval 24,0]} Be7 {
[%eval 25,0]} 7. d4 {[%eval 0,0]} O-O {[%eval 0,0]} 8. Be2 {[%eval 8,0]} Be6 {
[%eval 16,0]} 9. O-O {[%eval 4,0]} Nd7 {[%eval 15,0]} 10. Nxd5 $6 {[%eval 74,0]
Inaccuracy. a3 was best.} (10. a3 Rc8) 10... Bxd5 {[%eval 78,0]} 11. Be3 {
[%eval 8,0]} c6 {[%eval 84,0]} 12. Ne5 {[%eval -98,0]} Bf6 {[%eval 55,0]} 13.
Nxd7 $6 {[%eval -68,0] Inaccuracy. f4 was best.} (13. f4 Re8) 13... Qxd7 {
[%eval -75,0]} 14. Qd2 {[%eval -82,0]} Rad8 {[%eval -68,0]} 15. Rfd1 {[%eval
-33,0]} Rfe8 {[%eval -56,0]} 16. b3 $6 {[%eval -162,0] Inaccuracy. h3 was best.
} (16. h3) 16... g6 $2 {[%eval -91,0] Mistake. c5 was best.} (16... c5 17. Bf1
Bc6 18. Rac1 cxd4 19. Bg5 Bxg5 20. Qxg5 Re6 21. Qc5 a6 22. Rd2 h6 23. Rcd1) 17.
Rac1 {[%eval -67,0]} h5 {[%eval -97,0]} 18. Bc4 {[%eval -73,0]} Qg4 {[%eval
-76,0]} 19. Bxd5 {[%eval -39,0]} Rxd5 {[%eval -96,0]} 20. f3 $2 {[%eval -138,0]
Mistake. h3 was best.} (20. h3 Qd7 21. b4 a6 22. Rc5 Rd6 23. a3 Rd8 24. Rc4 Qe7
25. Re1 Qe6 26. Qc1 Re8) 20... Qd7 {[%eval -129,0]} 21. Kf1 $6 {[%eval -238,0]
Inaccuracy. Rc5 was best.} (21. Rc5 Rd6) 21... Rd8 {[%eval -265,0]} 22. Rc5 $2
{[%eval -563,0] Mistake. Bf2 was best.} (22. Bf2 c5 23. Rc3 Qd6 24. Bg3 Qb6 25.
Rd3 Rxd4 26. Rxd4 cxd4 27. Qd3 h4 28. Bf2 Qd6) 22... Rd6 $4 {[%eval -183,0]
Blunder. Rxc5 was best.} (22... Rxc5 23. dxc5) 23. d5 {[%eval -177,0]} cxd5 {
[%eval -15,0]} 24. Bf4 $6 {[%eval -119,0] Inaccuracy. Bd4 was best.} (24. Bd4
b6 25. Rc2 Qe7 26. Rdc1 Re6 27. Rc7 Qd6 28. Bxf6 Rxf6 29. Qd4 Re6 30. Kg1 Re7)
24... b6 {[%eval -107,0]} 25. Bxd6 $6 {[%eval -349,0] Inaccuracy. Rc2 was best.
} (25. Rc2 Rc6) 25... bxc5 {[%eval -342,0]} 26. Bf4 {[%eval -338,0]} Qb5+ {
[%eval -211,0]} 27. Kf2 $6 {[%eval -593,0] Inaccuracy. Qe2 was best.} (27. Qe2)
27... Bd4+ $6 {[%eval -379,0] Inaccuracy. c4 was best.} (27... c4 28. bxc4 dxc4
29. Qxd8+ Bxd8 30. Rxd8+ Kh7 31. Be3 Qb2+ 32. Rd2 c3 33. Rxb2 cxb2 34. g3) 28.
Kg3 {[%eval -378,0]} Bf6 {[%eval -202,0]} 29. h4 {[%eval -215,0]} Qd7 {[%eval
-222,0]} 30. Re1 {[%eval -400,0]} Qf5 $6 {[%eval -192,0] Inaccuracy. Re8 was
best.} (30... Re8) 31. Qe3 $6 {[%eval -400,0] Inaccuracy. Bg5 was best.} (31.
Bg5 Be5+ 32. Bf4 Re8 33. Bxe5 Rxe5 34. Rc1 d4 35. b4 Rd5 36. bxc5 Rxc5 37. Rd1
Rd5) 31... d4 {[%eval -238,0]} 32. Qe4 {[%eval -293,0]} Qd7 {[%eval -276,0]}
33. Qd3 {[%eval -246,0]} Re8 {[%eval -293,0]} 34. Qd2 $6 {[%eval -493,0]
Inaccuracy. Rxe8+ was best.} (34. Rxe8+) 34... Re6 {[%eval -493,0]} 35. Rc1 {
[%eval -542,0]} Qe7 {[%eval -501,0]} 36. Bg5 {[%eval -519,0]} Re2 {[%eval -515,
0]} 37. Bxf6 {[%eval -663,0]} Qd6+ {[%eval -657,0]} 38. Be5 {[%eval -747,0]}
Qxe5+ {[%eval -777,0]} 39. f4 {[%eval -763,0]} Qe4 {[%eval -725,0]} 0-1

[Event "Kvika Reykjavik Open 2022"]
[Site "Reykjavik, Iceland"]
[Date "2022.04.08"]
[Round "4.57"]
[White "Zysko, Jan"]
[Black "Kumar, Sanjit S"]
[Result "1-0"]
[WhiteElo "2110"]
[BlackElo "1792"]
[PlyCount "48"]
[EventDate "2022.??.??"]

1. d4 {[%eval 3,0]} d5 {[%eval 35,0]} 2. c4 {[%eval 36,0]} c6 {[%eval 28,0]} 3.
Nc3 {[%eval 16,0]} e6 {[%eval 32,0]} 4. e3 {[%eval 17,0]} f5 {[%eval 6,0]} 5.
Nf3 {[%eval 44,0]} Nf6 {[%eval 6,0]} 6. Bd3 {[%eval 48,0]} Bd6 {[%eval 67,0]}
7. O-O {[%eval 4,0]} O-O {[%eval 54,0]} 8. b3 {[%eval 54,0]} Ne4 {[%eval 65,0]}
9. Ne2 {[%eval 81,0]} Nd7 {[%eval 61,0]} 10. Bb2 {[%eval 6,0]} Qf6 {[%eval 71,
0]} 11. Qc1 {[%eval 25,0]} g5 {[%eval 7,0]} 12. Ba3 {[%eval 97,0]} Bxa3 {
[%eval 88,0]} 13. Qxa3 {[%eval 97,0]} h5 $6 {[%eval 192,0] Inaccuracy. g4 was
best.} (13... g4 14. Bxe4 fxe4 15. Nd2 Rf7 16. Nf4 Nf8 17. Qd6 Bd7 18. f3 gxf3
19. gxf3 Rd8 20. fxe4) 14. Bxe4 $4 {[%eval 14,0] Blunder. h4 was best.} (14. h4
gxh4) 14... fxe4 $4 {[%eval 151,0] Blunder. dxe4 was best.} (14... dxe4 15. Nd2
) 15. Nd2 {[%eval 113,0]} g4 {[%eval 149,0]} 16. Qd6 {[%eval 166,0]} Rf7 {
[%eval 137,0]} 17. Nf4 {[%eval 162,0]} Nf8 {[%eval 163,0]} 18. cxd5 $6 {
[%eval 97,0] Inaccuracy. f3 was best.} (18. f3) 18... Rd7 $4 {[%eval 783,0]
Blunder. exd5 was best.} (18... exd5 19. Qxf6 Rxf6 20. Nxh5 Rh6 21. Ng3 Ne6 22.
b4 Bd7 23. a4 Rf8 24. Nb3 b6 25. Rfb1) 19. Nxe4 {[%eval 758,0]} Rxd6 {[%eval
837,0]} 20. Nxf6+ {[%eval 843,0]} (20. Nc3) 20... Kf7 {[%eval 829,0]} 21. Ne4 {
[%eval 838,0]} Rd8 {[%eval 886,0]} 22. dxc6 {[%eval 875,0]} (22. Nc3 Rd6) 22...
bxc6 {[%eval 875,0]} 23. Rfc1 {[%eval 869,0]} Bd7 {[%eval 891,0]} 24. Nxh5 {
[%eval 864,0]} Kg6 {[%eval 914,0]} 1-0

[Event "Kvika Reykjavik Open 2022"]
[Site "Reykjavik, Iceland"]
[Date "2022.04.08"]
[Round "4.59"]
[White "Hallmundarson, Birkir"]
[Black "Ruiz Buendia, Miguel"]
[Result "0-1"]
[WhiteElo "1162"]
[BlackElo "2092"]
[PlyCount "150"]
[EventDate "2022.??.??"]

1. Nf3 c5 2. e4 d6 3. Bc4 Nf6 4. d3 e6 5. Bg5 a6 6. a4 Nc6 7. c3 Be7 8. O-O h6
9. Be3 d5 10. Ba2 dxe4 11. dxe4 Qxd1 12. Rxd1 Nxe4 13. Nbd2 Nxd2 14. Rxd2 O-O
15. Rad1 (15. Rc1) 15... b5 16. Bb1 Bb7 17. Rd7 Rad8 18. Rxd8 Rxd8 19. Rxd8+
Nxd8 20. Nd2 Bd5 21. Be4 Nb7 22. axb5 axb5 23. Bxd5 exd5 24. Kf1 f5 25. Ke2 g5
26. f3 Kf7 27. h4 f4 28. Bf2 gxh4 29. Nb3 Ke6 30. Nc1 c4 31. Kd2 Nc5 32. Bd4 h5
33. Ne2 Nd3 34. Bh8 Bf6 35. Bxf6 Kxf6 36. Nd4 b4 37. cxb4 Nxb4 38. Ne2 Ke5 39.
Nc1 d4 40. Ne2 Nd5 41. b3 cxb3 42. Nc1 Ne3 43. Nd3+ Kf5 44. Kc1 Nxg2 45. Kb2 h3
46. Nf2 h2 47. Kxb3 Ne1 48. Kc4 Nxf3 49. Kd3 Ke5 50. Ke2 Ng5 51. Kf1 Ne4 52.
Nd3+ Kf5 53. Kg2 Ng3 54. Kxh2 Ke4 55. Nc5+ Ke3 56. Kg2 d3 57. Nb3 d2 58. Nxd2
Kxd2 59. Kf3 Ne2 60. Kf2 Nd4 61. Kf1 Ke3 62. Kg2 Ke2 63. Kh3 f3 64. Kg3 f2 65.
Kf4 f1=Q+ 66. Ke4 Nf3 67. Kd5 Kd3 68. Ke6 Kd4 69. Kd6 Qa6+ 70. Kc7 Kd5 71. Kb8
Ne5 72. Kc7 Qc6+ 73. Kb8 Nd7+ 74. Ka7 Qc7+ 75. Ka6 Qb6# 0-1

[Event "Kvika Reykjavik Open 2022"]
[Site "Reykjavik, Iceland"]
[Date "2022.04.08"]
[Round "4.82"]
[White "Gardarsson, Hordur"]
[Black "Olesen, Poul Erik Norgaard"]
[Result "0-1"]
[WhiteElo "1517"]
[BlackElo "2010"]
[PlyCount "88"]
[EventDate "2022.??.??"]

1. e4 c5 2. d3 g6 3. Nc3 Bg7 4. g3 d6 5. Bg2 Nc6 6. Be3 Nf6 7. h3 Bd7 8. f4 Qa5
9. Nge2 h6 10. O-O O-O 11. g4 Bxg4 12. hxg4 Nxg4 13. Bd2 c4 14. Ng3 Qc5+ 15.
Kh1 Nf2+ 16. Rxf2 Qxf2 17. Qe1 Qxe1+ 18. Rxe1 cxd3 19. cxd3 Rac8 20. e5 dxe5
21. Bxc6 bxc6 22. fxe5 Rfd8 23. Re3 h5 24. b4 Rd4 25. Nce2 Rh4+ 26. Kg2 Rd8 27.
d4 f5 28. Kf3 f4 29. Re4 g5 30. Nf5 Rh3+ 31. Kg2 Rd3 32. Bc1 e6 33. Nxg7 Kxg7
34. Kf2 Rd1 35. Ba3 Rd2 36. b5 cxb5 37. Be7 Rc8 38. Bxg5 Rxa2 39. Bxf4 Rc4 40.
Be3 Rcc2 41. Kf3 Rxe2 42. Bh6+ Kxh6 43. Rxe2 Rxe2 44. Kxe2 Kg6 0-1

[Event "Kvika Reykjavik Open 2022"]
[Site "Reykjavik, Iceland"]
[Date "2022.04.08"]
[Round "4.96"]
[White "Arvidsson, Jonas"]
[Black "Kewalramani, Abhir"]
[Result "1-0"]
[WhiteElo "1942"]
[BlackElo "1474"]
[PlyCount "107"]
[EventDate "2022.??.??"]

1. e4 c6 2. d4 d5 3. e5 c5 4. Nf3 Nc6 5. dxc5 Bg4 6. Bb5 e6 7. b4 a5 8. c3 Qc7
9. Bxc6+ bxc6 10. Qe2 Bxf3 11. gxf3 Ne7 12. f4 g6 13. Nd2 a4 14. Nf3 Bg7 15.
Nd4 O-O 16. a3 Nf5 17. Bd2 Rfe8 18. O-O f6 19. Rfe1 fxe5 20. fxe5 Bh6 21. Bxh6
Nxh6 22. Kh1 Re7 23. Qe3 Ng4 24. Qg3 Nh6 25. Qh4 Nf7 26. f4 Rf8 27. Re3 Nd8 28.
Rg1 Ref7 29. Rh3 Rxf4 30. Rxg6+ Kh8 31. Qh5 Qf7 32. Rg1 Rf1 33. Qxf7 R8xf7 34.
Rhg3 Rxg1+ 35. Kxg1 Rg7 36. Rxg7 Kxg7 37. b5 cxb5 38. c6 Nxc6 39. Nxc6 Kg6 40.
Kf2 Kf5 41. Kf3 h5 42. h4 b4 43. cxb4 d4 44. b5 d3 45. Ke3 d2 46. Kxd2 Kg4 47.
b6 Kxh4 48. b7 Kg3 49. b8=Q h4 50. Qg8+ Kf2 51. Qg4 h3 52. Qxh3 Kg1 53. Qg4+
Kh1 54. Ke2 1-0

[Event "Kvika Reykjavik Open 2022"]
[Site "Reykjavik, Iceland"]
[Date "2022.04.09"]
[Round "5.1"]
[White "Idani, Pouya"]
[Black "Jarmula, Lukasz"]
[Result "1/2-1/2"]
[WhiteElo "2638"]
[BlackElo "2434"]
[PlyCount "125"]
[EventDate "2022.??.??"]

1. e4 {[%eval 33,0]} e5 {[%eval 12,0]} 2. Nf3 {[%eval 19,0]} Nf6 {[%eval 4,0]}
3. Nxe5 {[%eval 34,0]} d6 {[%eval 37,0]} 4. Nf3 {[%eval 35,0]} Nxe4 {[%eval 25,
0]} 5. c4 {[%eval 17,0]} Be7 {[%eval 24,0]} 6. d4 {[%eval 1,0]} O-O {[%eval 5,
0]} 7. Bd3 {[%eval 28,0]} Nf6 {[%eval 42,0]} 8. O-O {[%eval 66,0]} Bg4 {
[%eval 102,0]} 9. h3 {[%eval 82,0]} Bh5 {[%eval 119,0]} 10. Nc3 {[%eval 122,0]}
Nc6 {[%eval 143,0]} 11. g4 {[%eval 141,0]} Bg6 {[%eval 152,0]} 12. Bxg6 {
[%eval 141,0]} hxg6 {[%eval 141,0]} 13. Re1 {[%eval 104,0]} Re8 {[%eval 139,0]}
14. d5 {[%eval 143,0]} Nb8 {[%eval 133,0]} 15. Bf4 {[%eval 118,0]} Nbd7 {
[%eval 126,0]} 16. Qd2 {[%eval 118,0]} a5 {[%eval 103,0]} 17. Re3 {[%eval 119,
0]} Nb6 {[%eval 127,0]} 18. b3 {[%eval 100,0]} a4 {[%eval 102,0]} 19. Rae1 {
[%eval 109,0]} axb3 {[%eval 109,0]} 20. axb3 {[%eval 100,0]} Qd7 {[%eval 117,0]
} 21. Bg5 {[%eval 135,0]} Bf8 {[%eval 135,0]} 22. Bxf6 {[%eval 153,0]} Rxe3 {
[%eval 126,0]} 23. Qxe3 {[%eval 142,0]} gxf6 {[%eval 103,0]} 24. Qf4 {[%eval
100,0]} Bg7 {[%eval 121,0]} 25. Ne4 $6 {[%eval 62,0] Inaccuracy. Re3 was best.}
(25. Re3 Qc8 26. Kg2 Nd7 27. Qg3 Ne5 28. Nxe5 dxe5 29. Rf3 Ra6 30. Qh4 f5 31.
gxf5 gxf5) 25... f5 {[%eval 68,0]} 26. gxf5 {[%eval 62,0]} Qxf5 {[%eval 61,0]}
27. Qxf5 {[%eval 8,0]} gxf5 {[%eval 62,0]} 28. Ng3 {[%eval 72,0]} Ra3 {[%eval
57,0]} 29. Re8+ {[%eval 52,0]} Kh7 {[%eval 37,0]} 30. h4 {[%eval 0,0]} Rxb3 {
[%eval 7,0]} 31. Kg2 {[%eval 0,0]} Nxc4 {[%eval 6,0]} 32. Ng5+ {[%eval 0,0]}
Kg6 {[%eval 0,0]} 33. f4 {[%eval 0,0]} Ne3+ $6 {[%eval 77,0] Inaccuracy. Kf6
was best.} (33... Kf6 34. Nh5+ Kg6 35. Ng3) 34. Rxe3 {[%eval 81,0]} Rxe3 {
[%eval 58,0]} 35. h5+ {[%eval 59,0]} Kh6 {[%eval 75,0]} 36. Nxf5+ {[%eval 62,0]
} Kxh5 {[%eval 62,0]} 37. Nxe3 {[%eval 48,0]} Bh6 {[%eval 59,0]} 38. Nh3 {
[%eval 72,0]} c6 $6 {[%eval 164,0] Inaccuracy. b5 was best.} (38... b5 39. Kf3
b4 40. Nf2 b3 41. Ne4 b2 42. Nd2 Bg7 43. Nf5 Bc3 44. Nb1 Bf6 45. Kg3) 39. Kf3 {
[%eval 179,0]} cxd5 {[%eval 187,0]} 40. Nf5 {[%eval 183,0]} Bf8 {[%eval 167,0]}
41. Nf2 {[%eval 107,0]} d4 {[%eval 179,0]} 42. Ke4 $6 {[%eval 117,0]
Inaccuracy. Nd3 was best.} (42. Nd3 Kg6) 42... b5 {[%eval 136,0]} 43. Nxd4 {
[%eval 137,0]} b4 {[%eval 179,0]} 44. f5 $4 {[%eval 0,0] Blunder. Nd3 was best.
} (44. Nd3 d5+ 45. Kxd5 Kg4 46. Ke4 Bg7 47. Ne5+ Bxe5 48. Kxe5 f6+ 49. Ke4 Kh4
50. Kf5 Kg3) 44... Bg7 {[%eval 0,0]} 45. Nb3 {[%eval 0,0]} Bc3 {[%eval 0,0]}
46. Nd3 {[%eval 0,0]} Kg5 {[%eval 0,0]} 47. Nf4 {[%eval 0,0]} Kg4 {[%eval 0,0]}
48. Nd5 {[%eval 0,0]} Kg5 {[%eval 29,0]} 49. Nc1 {[%eval 33,0]} Bd2 {[%eval 56,
0]} 50. Ne2 {[%eval 34,0]} Kh4 {[%eval 0,0]} 51. Nd4 {[%eval 0,0]} Kg4 {
[%eval 0,0]} 52. Nf6+ {[%eval 17,0]} Kg5 {[%eval 0,0]} 53. Nd5 {[%eval 0,0]}
Kg4 {[%eval 0,0]} 54. Nb3 {[%eval 0,0]} Bc3 {[%eval 0,0]} 55. Na5 {[%eval 0,0]}
Be1 {[%eval 0,0]} 56. Ne3+ {[%eval 0,0]} Kg5 {[%eval 0,0]} 57. Nb3 {[%eval 0,0]
} Bc3 {[%eval 0,0]} 58. Nd5 {[%eval 0,0]} Kg4 {[%eval 0,0]} 59. Na5 {[%eval 0,
0]} Be1 {[%eval 0,0]} 60. Ne3+ {[%eval 0,0]} Kg5 {[%eval 0,0]} 61. Ng2 {
[%eval 0,0]} Bc3 {[%eval 0,0]} 62. Nf4 {[%eval 0,0]} Kg4 {[%eval 0,0]} 63. Nd5
{[%eval 0,0]} 1/2-1/2

[Event "Kvika Reykjavik Open 2022"]
[Site "Reykjavik, Iceland"]
[Date "2022.04.09"]
[Round "5.2"]
[White "Fier, Alexandr"]
[Black "Gukesh, D.."]
[Result "1/2-1/2"]
[WhiteElo "2573"]
[BlackElo "2637"]
[PlyCount "44"]
[EventDate "2022.??.??"]

1. e4 {[%eval 33,0]} c5 {[%eval 32,0]} 2. Nf3 {[%eval 0,0]} Nc6 {[%eval 0,0]}
3. Bb5 {[%eval 51,0]} g6 {[%eval 59,0]} 4. O-O {[%eval 2,0]} Bg7 {[%eval 43,0]}
5. c3 {[%eval 0,0]} Nf6 {[%eval 13,0]} 6. Re1 {[%eval 37,0]} O-O {[%eval 21,0]}
7. d4 {[%eval 31,0]} d5 {[%eval 43,0]} 8. e5 {[%eval 54,0]} Ne4 {[%eval 48,0]}
9. Bxc6 {[%eval 4,0]} bxc6 {[%eval 65,0]} 10. Be3 {[%eval 47,0]} cxd4 {[%eval
48,0]} 11. cxd4 {[%eval 51,0]} Rb8 {[%eval 5,0]} 12. Qc1 {[%eval 62,0]} Bf5 {
[%eval 63,0]} 13. Nbd2 {[%eval 46,0]} Qd7 {[%eval 62,0]} 14. Nb3 {[%eval 47,0]}
f6 {[%eval 37,0]} 15. Bh6 $2 {[%eval 7,0] Mistake. exf6 was best.} (15. exf6)
15... Bxh6 $6 {[%eval 0,0] Inaccuracy. Bh3 was best.} (15... Bh3 16. e6 Bxh6
17. Qxh6 Bxe6 18. Qe3 Rfe8 19. h3 Bf7 20. Rac1 a5 21. Nfd2 a4 22. Nxe4) 16.
Qxh6 {[%eval 2,0]} a5 {[%eval 0,0]} 17. Qc1 {[%eval 9,0]} a4 {[%eval 1,0]} 18.
Nbd2 {[%eval 34,0]} Qb7 $6 {[%eval 29,0] Inaccuracy. Rfc8 was best.} (18...
Rfc8 19. exf6) 19. exf6 {[%eval 24,0]} exf6 {[%eval 23,0]} 20. b3 {[%eval 41,0]
} Nxd2 {[%eval 32,0]} 21. Nxd2 {[%eval 25,0]} Qb4 {[%eval 41,0]} 22. Nf3 {
[%eval 35,0]} axb3 {[%eval 48,0]} 1/2-1/2

[Event "Kvika Reykjavik Open 2022"]
[Site "Reykjavik, Iceland"]
[Date "2022.04.09"]
[Round "5.3"]
[White "Steingrimsson, Hedinn"]
[Black "Praggnanandhaa, R.."]
[Result "1/2-1/2"]
[WhiteElo "2538"]
[BlackElo "2624"]
[PlyCount "66"]
[EventDate "2022.??.??"]

1. d4 {[%eval 3,0]} Nf6 {[%eval 23,0]} 2. c4 {[%eval 2,0]} e6 {[%eval 23,0]} 3.
Nc3 {[%eval 5,0]} Bb4 {[%eval 25,0]} 4. Qc2 {[%eval 0,0]} O-O {[%eval 11,0]} 5.
a3 {[%eval 0,0]} Bxc3+ {[%eval 13,0]} 6. Qxc3 {[%eval 4,0]} d6 {[%eval 11,0]}
7. f3 {[%eval 13,0]} b6 {[%eval 26,0]} 8. e4 {[%eval 44,0]} c5 {[%eval 42,0]}
9. d5 {[%eval 55,0]} b5 {[%eval 27,0]} 10. dxe6 {[%eval 4,0]} Bxe6 {[%eval 8,0]
} 11. cxb5 {[%eval 1,0]} Nbd7 {[%eval 37,0]} 12. Ne2 {[%eval 34,0]} d5 {
[%eval 37,0]} 13. Nf4 {[%eval 24,0]} Re8 {[%eval 57,0]} 14. Bd2 $2 {[%eval 77,
0] Mistake. Be2 was best.} (14. Be2) 14... dxe4 $2 {[%eval 45,0] Mistake. Nb6
was best.} (14... Nb6) 15. Nxe6 {[%eval 41,0]} Rxe6 {[%eval 38,0]} 16. Bc4 {
[%eval 28,0]} exf3+ {[%eval 37,0]} 17. Bxe6 {[%eval 4,0]} f2+ {[%eval 37,0]}
18. Ke2 {[%eval 65,0]} fxe6 {[%eval 83,0]} 19. Bg5 $4 {[%eval -39,0] Blunder.
Qc4 was best.} (19. Qc4 Nd5 20. Rhf1 Qf6 21. Bc3 Ne5 22. Qe4 Nxc3+ 23. bxc3 Rf8
24. Rad1 h5 25. h3 Ng6) 19... Qe8 {[%eval -76,0]} 20. Bxf6 {[%eval -95,0]} Nxf6
{[%eval -63,0]} 21. Qc4 {[%eval -48,0]} Rd8 {[%eval -44,0]} 22. Kxf2 $6 {
[%eval -124,0] Inaccuracy. Rad1 was best.} (22. Rad1 Qh5+) 22... Rd2+ $4 {
[%eval 0,0] Blunder. Rd4 was best.} (22... Rd4) 23. Kg1 {[%eval 0,0]} Qa8 {
[%eval 0,0]} 24. Qxe6+ {[%eval 0,0]} Kh8 {[%eval 0,0]} 25. Qc6 {[%eval 0,0]}
Qd8 {[%eval 0,0]} 26. h3 {[%eval 0,0]} Qd4+ {[%eval 0,0]} 27. Kh2 {[%eval 0,0]}
Qe5+ {[%eval 0,0]} 28. Kg1 {[%eval 0,0]} h6 {[%eval 0,0]} 29. Rf1 {[%eval 0,0]}
Qd4+ {[%eval 0,0]} 30. Kh2 {[%eval 14,0]} Qe5+ {[%eval 8,0]} 31. Kg1 {[%eval 0,
0]} Qe3+ {[%eval 0,0]} 32. Kh2 {[%eval 0,0]} Qe5+ {[%eval 0,0]} 33. Kg1 {
[%eval 0,0]} Qd4+ {[%eval 0,0]} 1/2-1/2